Os desenhos das antigualhas que vio Francisco D'Ollanda, pintor portuguès (1539-1540) / (Record n. 23146)

Dettagli MARC
000 -LEADER
fixed length control field 01239nam a2200277 i 4500
003 - CONTROL NUMBER IDENTIFIER
control field IT-RoINE
005 - DATE AND TIME OF LATEST TRANSACTION
control field 20180309093039.0
008 - FIXED-LENGTH DATA ELEMENTS--GENERAL INFORMATION
fixed length control field 961115s1940 sp a r 001 | spa d
040 ## - CATALOGING SOURCE
Original cataloging agency UM
Transcribing agency IT-RoINE
Modifying agency IT-RoINE
100 1# - MAIN ENTRY--PERSONAL NAME
Personal name Hollanda, Francisco de,
Dates associated with a name 1517-1584
9 (RLIN) 45690
245 13 - TITLE STATEMENT
Title Os desenhos das antigualhas que vio Francisco D'Ollanda, pintor portuguès (1539-1540) /
Statement of responsibility, etc publicalos, con notas de estudio y preliminares el prof. E. Tormo.
250 ## - EDITION STATEMENT
Edition statement Ed. facs.
260 ## - PUBLICATION, DISTRIBUTION, ETC. (IMPRINT)
Place of publication, distribution, etc Madrid :
Name of publisher, distributor, etc Ministerio de Asuntos Exteriores,
Date of publication, distribution, etc 1940.
300 ## - PHYSICAL DESCRIPTION
Extent 55 p. de lám., 257 p., [8] p. de lám. ;
Dimensions 35 cm.
336 ## - CONTENT TYPE
Source rdacontent
Content type term text
337 ## - MEDIA TYPE
Source rdamedia
Media type term unmediated
338 ## - CARRIER TYPE
Source rdacarrier
Carrier type term volume
500 ## - GENERAL NOTE
General note Incluye índices.
500 ## - GENERAL NOTE
General note Las 54 h. son reproducción facsímil del Códice de Francisco de Holanda que se conserva en la Biblioteca del Monasterio de El Escorial en homenaje a Portugal con ocasión de sus Fiestas centenarias.
504 ## - BIBLIOGRAPHY, ETC. NOTE
Bibliography, etc Bibliografía : p. 33-34.
600 14 - SUBJECT ADDED ENTRY--PERSONAL NAME
Personal name Hollanda, Francisco de,
Dates associated with a name 1517-1584
9 (RLIN) 45690
650 #4 - SUBJECT ADDED ENTRY--TOPICAL TERM
9 (RLIN) 41666
Topical term or geographic name as entry element Arte del Renacimiento
Geographic subdivision Italia
650 #4 - SUBJECT ADDED ENTRY--TOPICAL TERM
Topical term or geographic name as entry element Dibujo arquitectónico del Renacimiento
9 (RLIN) 45691
700 1# - ADDED ENTRY--PERSONAL NAME
Personal name Tormo y Monzó, Elías,
Dates associated with a name 1869-1957
9 (RLIN) 19376
942 ## - ADDED ENTRY ELEMENTS (KOHA)
Item type Monografías
Dati di copia
Withdrawn status Lost status Damaged status Not for loan Home library Current library Date acquired Total Checkouts Full call number Barcode Date last seen Price effective from Koha item type
        Iglesia Nacional Española en Roma Iglesia Nacional Española en Roma 09/03/2018   ART.ARQ 695 48245 09/03/2018 09/03/2018 Monografías